00545nam a2200193 a 4500001001300000003000900013005001700022008004100039020002300080082001800103100002600121245004800147260004000195300000900235500003500244505002400279650002200303700002600325nice12345678IN_TiNIC20260116014543.0050101s2014 dela grp 000 0 eng  a9788187358831c55000a954.0317bMUK aMukherjee, Rudrangshu aYear of Bloodb Essays on the Revlt of 1857 aDelhi bSocial Science Press c2014 a169p aincludes index and biblioraphy2 aBibliography, Index aMutiny-India-18571 aMukherjee, Rudrangshu